| 000 | 00604nam a2200205 a 4500 | ||
|---|---|---|---|
| 005 | 20210223124057.0 | ||
| 008 | 010507s1979 mx r 000 0 spa d | ||
| 020 | _a2091323993 | ||
| 035 | _aUPN01000106082 | ||
| 049 | _aCG | ||
| 050 | 4 |
_aLB2075 _bL4.3 |
|
| 100 | 1 |
_aLeif, Joseph Jacques _928981 |
|
| 245 | 1 | 0 |
_aFormation des enseignants / _cJoseph Leif. |
| 260 |
_aFrance : _bNathan, _c1979. |
||
| 300 |
_a191 p. _e |
||
| 440 | 0 | _aProblemes de pedagogie contemporaine | |
| 650 | 4 |
_aMAESTROS - _xFORMACION PROFESIONAL - _zFRANCIA _9786 |
|
| 650 | 4 |
_aESCUELAS NORMALES - _zFRANCIA _921890 |
|
| 905 | _aLibro | ||
| 999 |
_c79995 _d79995 |
||